Normal view
MARC view
- Graphic novels
Entry Genre/Form Term
001 - CONTROL NUMBER
- control field: 85515
003 - CONTROL NUMBER IDENTIFIER
- control field: NUST
005 - DATE AND TIME OF LATEST TRANSACTION
- control field: 20211202175835.0
008 - FIXED-LENGTH DATA ELEMENTS
- fixed length control field: 211202|| aca||aabn | a|a d
040 ## - CATALOGING SOURCE
- Original cataloging agency: NUST
- Transcribing agency: NUST
155 ## - HEADING--GENRE/FORM TERM
- Genre/form term: Graphic novels
670 ## - SOURCE DATA FOUND
- Source citation: Work cat.: (NUST)33044: Hosseini, Khaled. 85510, The kite runner graphic novel /, 2011.
